India and the Four Freedoms / (Record no. 793136)

MARC details
000 -LEADER
fixed length control field 00841nam a2200277 a 4500
001 - CONTROL NUMBER
control field vtls000969082
003 - CONTROL NUMBER IDENTIFIER
control field NLI
005 - DATE AND TIME OF LATEST TRANSACTION
control field 20210627095144.0
008 - FIXED-LENGTH DATA ELEMENTS--GENERAL INFORMATION
fixed length control field 120112s1944 ii 000 0 eng
039 #9 - LEVEL OF BIBLIOGRAPHIC CONTROL AND CODING DETAIL [OBSOLETE]
-- 201201121807
-- Entertech_02
040 0# - CATALOGING SOURCE
Original cataloging agency NLI
Language of cataloging eng
Transcribing agency Entertech-2011
Description conventions AACR2
041 0# - LANGUAGE CODE
Language code of text/sound track or separate title eng
044 ## - COUNTRY OF PUBLISHING/PRODUCING ENTITY CODE
MARC country code ii
084 ## - OTHER CLASSIFICATION NUMBER
Classification number 108.E.233
110 2# - MAIN ENTRY--CORPORATE NAME
Corporate name or jurisdiction name as entry element British Broadcasting Corporation
9 (RLIN) 799006
245 10 - TITLE STATEMENT
Title India and the Four Freedoms /
Statement of responsibility, etc. Wickham steed ... [et al.]
260 ## - PUBLICATION, DISTRIBUTION, ETC.
Place of publication, distribution, etc. Calcutta :
Name of publisher, distributor, etc. Oxford University Press,
Date of publication, distribution, etc. 1944
300 ## - PHYSICAL DESCRIPTION
Extent 94 p. ;
Dimensions 18 cm.
650 #0 - SUBJECT ADDED ENTRY--TOPICAL TERM
Topical term or geographic name entry element Civil rights z India
9 (RLIN) 909563
651 #0 - SUBJECT ADDED ENTRY--GEOGRAPHIC NAME
Geographic name India
General subdivision Social conditions
9 (RLIN) 678870
700 1# - ADDED ENTRY--PERSONAL NAME
Personal name Steed, Henry Wickham,
Dates associated with a name 1871-1956
9 (RLIN) 798599
887 ## - NON-MARC INFORMATION FIELD
Content of non-MARC field
901 ## - LOCAL DATA ELEMENT A, LDA (RLIN)
a IMP57740 :
b 30.8.2010
902 ## - LOCAL DATA ELEMENT B, LDB (RLIN)
a 108.E.233
942 ## - ADDED ENTRY ELEMENTS (KOHA)
Source of classification or shelving scheme Dewey Decimal Classification
Koha item type Books
Holdings
Withdrawn status Lost status Damaged status Not for loan Home library Current library Date acquired Total Checkouts Full call number Date last seen Price effective from Koha item type
        National Library of India National Library of India     108.E.233 27/06/2021 27/06/2021 Books
                                                                           
web counter

Copyright ©2020 The National Library of India, Govt. of India ↔ Hosted by NVLI, MOC ↔ Technology and Design by National Library of India, Ministry of Culture, Govt. of India